000 00614nam a2200193 i 4500
001 36866
003 ES-MaACL
005 20250830111223.0
007 t|
008 030219s1969 sp ||||1| spa d
100 1 _aBouyer, Louis (
_d1913-2004)
_931095
245 1 3 _aLa descomposición del Catolicismo /
_cLouis Bouyer ; [versión de Alejandro Esteban Lator Ros].
260 _aBarcelona :
_bHerder,
_c[1969]
300 _a113 p. ;
_c20 cm.
610 2 4 _aIglesia Católica
_94639
700 0 _aLator Ros, Alejandro Esteban.
_970527
852 _aES-MaACL
_jC-48556
_bR.72017
999 _c36866
_d36866